[Event "Olimpiade 2024 - Donne"]
[Site "Budapest"]
[Date "15.09.2024"]
[Round "5.7"]
[Board "2"]
[White "Ushenina, Anna"]
[Black "Fataliyeva, Ulviyya"]
[Result "1/2-1/2"]
[WhiteTitle "GM"]
[BlackTitle "IM"]
[WhiteElo "2417"]
[BlackElo "2378"]
[WhiteTeam "Ukraine"]
[BlackTeam "Azerbaijan"]
[WhiteFideId "14110911"]
[BlackFideId "13403052"]
[EventDate "2024.09.11"]

1. Nf3 d5 2. e3 Nf6 3. c4 e6 4. b3 Be7 5. Bb2 O-O 6. Be2 b6 7. cxd5 exd5 8. O-O
c5 9. d4 Nc6 10. Nc3 Bb7 11. Rc1 Rc8 12. dxc5 bxc5 13. Na4 Ne4 14. Nd2 Nb4 15.
a3 Na6 16. Nxe4 dxe4 17. Rc2 Qxd1 18. Rxd1 Nb8 19. Be5 c4 20. b4 Bc6 21. Nb2 Nd7
22. Bd4 a5 23. Rxc4 axb4 24. axb4 Bd5 25. Rxc8 Rxc8 26. Bg4 Rc7 27. Bxd7 Rxd7
28. Bc5 Bf6 29. Nc4 Rd8 30. Na5 h6 31. g3 Ba8 32. Rxd8+ Bxd8 33. Nb3 Bd5 34. Nd4
Bf6 35. Nf5 Bc6 36. Bd4 Bd7 37. Nxh6+ gxh6 38. Bxf6 Kh7 39. Kf1 Kg6 40. Bh8 Kg5
41. Ke2 Kf5 42. Kd2 Ke6 43. g4 Kd5 44. Bg7 Kc4 45. Bxh6 Kxb4 46. h3 Kc5 47. Ke1
Bb5 48. f4 exf3 49. Kf2 Bc6 50. Bf8+ Kc4 51. h4 Be4 52. h5 Kd5 53. Kg3 Kc4 54.
Kf2 Kd3 55. Be7 Kc2 56. Bd8 Kd3 57. Bb6 Kc2 58. Bc7 Kd3 59. Bg3 Kd2 60. Bf4 Kd3
61. Bd6 Kc2 62. Bb4 Kd3 63. Ba5 Kc2 64. Be1 Kd3 65. g5 Kc2 66. Ba5 Kd3 67. Bd8
Kc2 68. g6 fxg6 69. h6 g5 70. Bxg5 Kd3 71. Bf4 Kc4 72. Bg3 Kd5 73. Bh4 Ke6 74.
Kg3 Kf7 75. Kf4 Bb7 76. Kf5 Kg8 77. e4 Bxe4+ 78. Kxe4 Kh7 79. Kxf3 Kxh6 1/2-1/2

[Event "Olimpiade 2024 - Donne"]
[Site "Budapest"]
[Date "15.09.2024"]
[Round "5.7"]
[Board "3"]
[White "Beydullayeva, Govhar"]
[Black "Buksa, Nataliya"]
[Result "1-0"]
[WhiteTitle "WGM"]
[BlackTitle "IM"]
[WhiteElo "2395"]
[BlackElo "2387"]
[WhiteTeam "Azerbaijan"]
[BlackTeam "Ukraine"]
[WhiteFideId "13413015"]
[BlackFideId "14123622"]
[EventDate "2024.09.11"]

1. d4 Nf6 2. c4 e6 3. Nf3 d5 4. Nc3 Nbd7 5. cxd5 exd5 6. Bg5 c6 7. e3 h6 8. Bh4
g5 9. Bg3 Nh5 10. Bd3 Nxg3 11. hxg3 Bg7 12. O-O O-O 13. b4 a6 14. a4 Re8 15. Qc2
Nf6 16. Ne5 Ng4 17. Nxg4 Bxg4 18. a5 Qf6 19. Na4 Rad8 20. Nc5 Bc8 21. g4 h5 22.
gxh5 Rd6 23. Qd1 g4 24. g3 Qg5 25. Kg2 Rh6 26. Rh1 Bf8 27. Rh4 Bd6 28. Be2 f5
29. Nd3 Re7 30. Qd2 Reh7 31. Rah1 Rxh5 32. Rxh5 Rxh5 33. Rxh5 Qxh5 34. Kg1 Qh7
35. Nc5 Kf8 36. Bd3 Qe7 37. Kg2 Qh7 38. Kg1 Qe7 39. Qc2 Qg5 40. Kg2 Qh5 41. Kg1
Ke7 42. Qb1 Kf6 43. Qf1 Ke7 44. Qc1 Qh8 45. Na4 Qh6 46. Nb6 Be6 47. Bxa6 f4 48.
exf4 Bf5 49. Bf1 Bxb4 50. Qb2 Bxa5 51. Qa3+ Kf7 52. Qxa5 Be4 53. Bg2 Bxg2 54.
Kxg2 Qh3+ 55. Kg1 Qh7 56. Qe1 Qd3 57. Qa1 Kf6 58. Nd7+ Kf5 59. Nc5 Qc2 60. Qe1
Kg6 61. Qe6+ Kg7 62. Qe7+ Kh6 63. Qf6+ Kh7 64. Ne6 Qb1+ 65. Kh2 1-0

[Event "Olimpiade 2024 - Donne"]
[Site "Budapest"]
[Date "15.09.2024"]
[Round "5.7"]
[Board "4"]
[White "Gaponenko, Inna"]
[Black "Balajayeva, Khanim"]
[Result "1/2-1/2"]
[WhiteTitle "IM"]
[BlackTitle "IM"]
[WhiteElo "2324"]
[BlackElo "2384"]
[WhiteTeam "Ukraine"]
[BlackTeam "Azerbaijan"]
[WhiteFideId "14101181"]
[BlackFideId "13406396"]
[EventDate "2024.09.11"]

1. e4 e5 2. Nf3 Nc6 3. d4 exd4 4. Bc4 Nf6 5. e5 d5 6. Bb5 Ne4 7. Nxd4 Bc5 8. Be3
O-O 9. Nxc6 bxc6 10. Bxc5 Nxc5 11. Bxc6 Rb8 12. Qxd5 Qe7 13. O-O Rxb2 14. Nc3
Rxc2 15. Qd4 Ne6 16. Qd3 Rb2 17. Qe3 Rd8 18. Nd5 Qh4 19. g3 Qd4 20. Ne7+ Kh8 21.
Nxc8 Rxc8 22. Rad1 Qxe3 23. fxe3 Rd8 24. Rxd8+ Nxd8 25. e6 Nxe6 26. Rxf7 g6 27.
Bd5 Rb1+ 28. Kf2 Rb2+ 29. Ke1 Nc5 30. Rxc7 Nd3+ 31. Kf1 a5 32. h4 Nb4 33. e4
Nxd5 34. exd5 Rd2 35. Rc5 Rxa2 36. Ke1 Kg7 37. d6 Kf7 38. Rc7+ Ke6 39. Rxh7 Kxd6
40. Rg7 Ke5 41. Rxg6 a4 42. h5 a3 43. Ra6 Kf5 44. h6 Kg4 45. h7 Rh2 46. Rxa3
Rxh7 1/2-1/2

[Event "Olimpiade 2024 - Donne"]
[Site "Budapest"]
[Date "15.09.2024"]
[Round "5.8"]
[Board "1"]
[White "Wagner, Dinara"]
[Black "Cramling, Pia"]
[Result "1/2-1/2"]
[WhiteTitle "IM"]
[BlackTitle "GM"]
[WhiteElo "2452"]
[BlackElo "2425"]
[WhiteTeam "Germany"]
[BlackTeam "Sweden"]
[WhiteFideId "24157570"]
[BlackFideId "1700030"]
[EventDate "2024.09.11"]

1. d4 d5 2. c4 e6 3. Nf3 Nf6 4. Nc3 Nbd7 5. cxd5 exd5 6. Bg5 c6 7. Qc2 Be7 8. h3
Nf8 9. e3 Ne6 10. Bh4 g6 11. Bd3 Ng7 12. g4 Be6 13. O-O-O Nd7 14. Bg3 O-O 15.
Ne5 f6 16. Nxd7 Qxd7 17. Kb1 Bd6 18. Bxd6 Qxd6 19. Rdg1 Qd7 20. Ne2 b6 21. Nf4
c5 22. dxc5 Rac8 23. c6 Qxc6 24. Qxc6 Rxc6 25. Rc1 Rfc8 26. Rxc6 Rxc6 27. Bc2 d4
28. exd4 Bxa2+ 29. Kxa2 Rxc2 30. Rf1 Kf7 31. Kb3 1/2-1/2

[Event "Olimpiade 2024 - Donne"]
[Site "Budapest"]
[Date "15.09.2024"]
[Round "5.8"]
[Board "2"]
[White "Agrest, Inna"]
[Black "Paehtz, Elisabeth"]
[Result "0-1"]
[WhiteTitle "WIM"]
[BlackTitle "GM"]
[WhiteElo "2197"]
[BlackElo "2455"]
[WhiteTeam "Sweden"]
[BlackTeam "Germany"]
[WhiteFideId "1708830"]
[BlackFideId "4641833"]
[EventDate "2024.09.11"]

1. e4 c6 2. d4 d5 3. e5 Bf5 4. h4 Qc7 5. Nc3 h6 6. Bd3 Bxd3 7. cxd3 e6 8. Nf3 h5
9. O-O Nd7 10. a3 Ne7 11. b4 Nf5 12. Ne2 Be7 13. Ng3 Nxh4 14. Nxh4 Bxh4 15. Nxh5
O-O-O 16. g3 Be7 17. Kg2 Rh7 18. Rh1 Rdh8 19. g4 g6 20. Ng3 Rxh1 21. Nxh1 f6 22.
f4 Qb6 23. Qe2 Qxd4 24. Ra2 fxe5 25. Rc2 Qb6 26. fxe5 Qd4 27. Nf2 Rh4 28. Qe3
Qxe3 29. Bxe3 Nxe5 30. Bxa7 Nxg4 31. Re2 Kd7 32. Nh3 Nh6 33. Bf2 Rh5 34. Nf4
Rg5+ 35. Kf3 Rf5 36. Bg3 g5 0-1

[Event "Olimpiade 2024 - Donne"]
[Site "Budapest"]
[Date "15.09.2024"]
[Round "5.8"]
[Board "3"]
[White "Heinemann, Josefine"]
[Black "Cramling Bellon, Anna"]
[Result "1-0"]
[WhiteTitle "WGM"]
[BlackTitle "WFM"]
[WhiteElo "2316"]
[BlackElo "2066"]
[WhiteTeam "Germany"]
[BlackTeam "Sweden"]
[WhiteFideId "12900460"]
[BlackFideId "32009232"]
[EventDate "2024.09.11"]

1. e4 c5 2. Nf3 e6 3. d4 cxd4 4. Nxd4 Nf6 5. Nc3 Nc6 6. Nxc6 bxc6 7. e5 Nd5 8.
Ne4 Qc7 9. f4 Qb6 10. a3 a5 11. c4 Ne3 12. Qd3 Nxf1 13. Rxf1 a4 14. Be3 Qxb2 15.
Rb1 Qxa3 16. Qe2 Ba6 17. Bc1 Qe7 18. Nd6+ Kd8 19. Qb2 Qh4+ 20. g3 Bxd6 21. gxh4
Bc5 22. Qc2 a3 23. Rf3 Kc7 24. Bxa3 1-0

[Event "Olimpiade 2024 - Donne"]
[Site "Budapest"]
[Date "15.09.2024"]
[Round "5.8"]
[Board "4"]
[White "Valcu, Lavinia"]
[Black "Schulze, Lara"]
[Result "0-1"]
[BlackTitle "FM"]
[WhiteElo "2076"]
[BlackElo "2283"]
[WhiteTeam "Sweden"]
[BlackTeam "Germany"]
[WhiteFideId "1752197"]
[BlackFideId "12956830"]
[EventDate "2024.09.11"]

1. d4 Nf6 2. Bg5 d5 3. Nd2 c5 4. dxc5 Nbd7 5. c4 Nxc5 6. Bxf6 exf6 7. b4 Ne6 8.
e3 Be7 9. Ngf3 O-O 10. Qb3 d4 11. e4 a5 12. b5 f5 13. Bd3 Nc5 14. Qc2 fxe4 15.
Nxe4 Nxd3+ 16. Qxd3 Bb4+ 17. Nfd2 Bf5 18. O-O-O Rc8 19. Kb1 Qe7 20. f3 Bc3 21.
Qc2 Qb4+ 22. Nb3 Bxe4 0-1

[Event "Olimpiade 2024 - Donne"]
[Site "Budapest"]
[Date "15.09.2024"]
[Round "5.9"]
[Board "1"]
[White "Dolgova, Olga"]
[Black "Khademalsharieh, Sarasadat"]
[Result "0-1"]
[WhiteTitle "WIM"]
[BlackTitle "IM"]
[WhiteElo "2171"]
[BlackElo "2468"]
[WhiteTeam "Norway"]
[BlackTeam "Spain"]
[WhiteFideId "4158296"]
[BlackFideId "12512214"]
[EventDate "2024.09.11"]

1. d4 Nf6 2. Bf4 d5 3. e3 e6 4. Nf3 c5 5. Nbd2 Nc6 6. c3 cxd4 7. Nxd4 Be7 8. Bd3
O-O 9. O-O Nd7 10. Bg3 e5 11. Nf5 Bf6 12. Bc2 Nb6 13. e4 Bxf5 14. exf5 e4 15.
Bf4 Re8 16. Qh5 Rc8 17. Rae1 Ne5 18. f3 Nd3 19. Bxd3 exd3 20. g4 g6 21. fxg6
hxg6 22. Qh3 Nc4 23. Nxc4 dxc4 24. Qg2 b5 25. Qd2 Qd5 26. Kg2 b4 27. Rxe8+ Rxe8
28. Re1 Rc8 29. Rc1 Qa5 30. Bd6 Bg5 31. f4 Qd5+ 32. Kg1 Bd8 33. Be5 Bb6+ 34. Bd4
bxc3 35. bxc3 Bxd4+ 36. cxd4 Qxd4+ 37. Qf2 Qxf2+ 38. Kxf2 d2 39. Ra1 Re8 40. Rd1
c3 0-1

[Event "Olimpiade 2024 - Donne"]
[Site "Budapest"]
[Date "15.09.2024"]
[Round "5.9"]
[Board "2"]
[White "Garcia Martin, Marta"]
[Black "Stanford, Sheila Barth"]
[Result "1/2-1/2"]
[WhiteTitle "IM"]
[BlackTitle "WIM"]
[WhiteElo "2318"]
[BlackElo "2175"]
[WhiteTeam "Spain"]
[BlackTeam "Norway"]
[WhiteFideId "32084030"]
[BlackFideId "1500953"]
[EventDate "2024.09.11"]

1. e4 c5 2. Nf3 d6 3. d4 cxd4 4. Nxd4 Nf6 5. Nc3 a6 6. h3 e5 7. Nf3 h6 8. Bc4
Be6 9. Bb3 Nbd7 10. Be3 Qc7 11. O-O Be7 12. Nh4 Bxb3 13. cxb3 g6 14. Rc1 Qd8 15.
Nf3 Kf8 16. b4 Kg7 17. a3 b5 18. Nd2 Rc8 19. Nb3 Nb6 20. Bxb6 Qxb6 21. Na5 Bd8
22. Qf3 Qb8 23. Nb3 Bb6 24. Rcd1 Rhe8 25. Rd3 Re6 26. Qe2 Rc4 27. Nd2 Rc8 28. g3
Bd4 29. Nb3 Rc4 30. Na5 Rc8 31. Nd5 Qa7 32. Kg2 Bb6 33. Nb3 Nxd5 34. Rxd5 Rf6
35. f3 Rc4 36. Rfd1 Qc7 37. Qd3 Rc2+ 38. Rd2 Rxd2+ 39. Qxd2 Ba7 40. Qc1 Qb6 41.
Qe1 Re6 42. Rd1 Re7 43. Qd2 f5 44. Nc1 fxe4 45. fxe4 Rf7 46. Nd3 Qb7 47. Qe2 Rc7
48. Re1 Rc4 49. Qf3 Rc2+ 50. Kh1 Qf7 51. Qxf7+ Kxf7 52. Rc1 Rxc1+ 1/2-1/2

[Event "Olimpiade 2024 - Donne"]
[Site "Budapest"]
[Date "15.09.2024"]
[Round "5.9"]
[Board "3"]
[White "Ni, Viktorija"]
[Black "Vega Gutierrez, Sabrina"]
[Result "1/2-1/2"]
[WhiteTitle "WIM"]
[BlackTitle "IM"]
[WhiteElo "2163"]
[BlackElo "2374"]
[WhiteTeam "Norway"]
[BlackTeam "Spain"]
[WhiteFideId "11602252"]
[BlackFideId "2219026"]
[EventDate "2024.09.11"]

1. d4 d5 2. c4 e6 3. Nf3 a6 4. e3 Nf6 5. Nc3 Nbd7 6. Qc2 dxc4 7. a4 b6 8. Bxc4
Bb7 9. e4 c5 10. d5 exd5 11. exd5 Bd6 12. O-O O-O 13. Bg5 Re8 14. Rfe1 h6 15.
Bh4 Rxe1+ 16. Rxe1 Qf8 17. Qd3 g6 18. Ne4 Nxe4 19. Qxe4 Qg7 20. b3 Nf6 21. Qd3
Rd8 22. Bg3 Bxg3 23. hxg3 b5 24. axb5 axb5 25. Bxb5 Bxd5 26. Bc4 Qf8 27. Rd1 Qe7
28. Qd2 Kg7 29. Qd3 Rd7 30. Bxd5 Rxd5 31. Qc2 Rxd1+ 32. Qxd1 Qe4 33. Nd2 Qd3 34.
Qc1 Ng4 35. Nf1 Qd4 36. Qd2 Qa1 37. Qc2 Qd4 38. Qd2 Qe5 39. Qd1 h5 40. Qd2 Kh7
41. Qd7 Qf6 42. Qd2 Qe6 43. Qc2 Qd5 44. Qc3 Kg8 45. Qc2 Kf8 46. Qd2 Qe5 47. Qd8+
Kg7 48. Qd2 Nf6 49. Qe3 Qf5 50. Qc3 Kg8 51. f3 Qe6 52. Qxc5 Qxb3 53. Qe5 Nd5 54.
Qe8+ Kg7 55. Qe5+ Kh7 56. Qd4 Nc3 57. Kh2 Ne2 58. Qd2 Qb5 59. Qe3 Nd4 60. Qxd4
Qxf1 1/2-1/2

[Event "Olimpiade 2024 - Donne"]
[Site "Budapest"]
[Date "15.09.2024"]
[Round "5.9"]
[Board "4"]
[White "Calzetta Ruiz, Monica"]
[Black "Machlik, Monika"]
[Result "1/2-1/2"]
[WhiteTitle "WGM"]
[WhiteElo "2199"]
[BlackElo "2109"]
[WhiteTeam "Spain"]
[BlackTeam "Norway"]
[WhiteFideId "2204185"]
[BlackFideId "1513621"]
[EventDate "2024.09.11"]

1. e4 c6 2. d4 d5 3. e5 c5 4. dxc5 e6 5. Be3 Nd7 6. Bb5 Ne7 7. Nf3 Nf5 8. Bd4
Qa5+ 9. Nc3 a6 10. Bxd7+ Bxd7 11. O-O Bxc5 12. Bxc5 Qxc5 13. Ne2 Bb5 14. Re1
Bxe2 15. Rxe2 O-O 16. a4 b5 17. Ra3 b4 18. Rd3 Rfc8 19. g4 Ne7 20. Rd4 Nc6 21.
Rf4 Rf8 22. Qd3 Qe7 23. g5 Qd8 24. Rh4 g6 25. Qd2 a5 26. Qf4 Ne7 27. Nd4 h5 28.
gxh6 Nf5 29. Nxf5 exf5 30. h7+ Kh8 31. e6 Qf6 32. e7 Rfe8 33. Qe5 Qxe5 34. Rxe5
Ra7 35. Rxd5 Raxe7 36. Rxa5 Re1+ 37. Kg2 R1e2 38. Rc5 b3 39. cxb3 Rxb2 40. b4 g5
41. Rhc4 Kxh7 42. Rxf5 Kg6 43. Rf3 f5 44. Rc6+ Kh5 45. Rxf5 Rxb4 46. a5 Ra4 47.
h3 Rh8 48. a6 Rh6 49. Rff6 Rh7 50. Rb6 g4 51. Rb7 gxh3+ 52. Kxh3 Rxb7 53. axb7
Rb4 54. Rf7 Kg6 55. Rc7 Kf5 56. Kg3 Rb3+ 57. f3 Rb2 58. Rh7 Kg6 59. Rc7 Kf5 60.
Kh3 Kg5 61. Kg3 Kf5 62. f4 Rb3+ 63. Kg2 Kxf4 64. Kf2 Ke5 65. Ke2 Kd6 66. Rh7 Kc6
67. Kd2 Rxb7 68. Rxb7 Kxb7 1/2-1/2

[Event "Olimpiade 2024 - Donne"]
[Site "Budapest"]
[Date "15.09.2024"]
[Round "5.10"]
[Board "1"]
[White "Stefanova, Antoaneta"]
[Black "Rogule, Laura"]
[Result "1-0"]
[WhiteTitle "GM"]
[BlackTitle "WGM"]
[WhiteElo "2416"]
[BlackElo "2248"]
[WhiteTeam "Bulgaria"]
[BlackTeam "Latvia"]
[WhiteFideId "2902257"]
[BlackFideId "11601876"]
[EventDate "2024.09.11"]

1. Nf3 d5 2. g3 c6 3. Bg2 Bg4 4. O-O Nd7 5. d3 Ngf6 6. h3 Bh5 7. Qe1 e5 8. Nh4
Bc5 9. e4 dxe4 10. dxe4 O-O 11. a4 a5 12. Nd2 Re8 13. Nc4 Bf8 14. Bg5 Qc7 15. f3
Re6 16. Bd2 b6 17. Kh1 Nc5 18. Bc3 Nfd7 19. f4 exf4 20. gxf4 f6 21. e5 fxe5 22.
fxe5 Rae8 23. Qf2 Kh8 24. Nd6 Bxd6 25. exd6 Rxd6 26. Qg3 Nf6 27. Nf5 Rd7 28.
Bxf6 gxf6 29. Qh4 Be2 30. Qxf6+ Rg7 31. Rfe1 Ne4 32. Qxg7+ Qxg7 33. Nxg7 Kxg7
34. Kh2 Nd6 35. Bxc6 Rc8 36. Rxe2 Rxc6 37. Rg1+ Kf6 38. Rf1+ Nf5 39. c3 Rc5 40.
Re8 Kg6 41. Rb8 Rc6 42. Rg8+ Kf7 43. Rg5 1-0

[Event "Olimpiade 2024 - Donne"]
[Site "Budapest"]
[Date "15.09.2024"]
[Round "5.10"]
[Board "2"]
[White "Berzina, Ilze"]
[Black "Salimova, Nurgyul"]
[Result "0-1"]
[WhiteTitle "WGM"]
[BlackTitle "IM"]
[WhiteElo "2200"]
[BlackElo "2412"]
[WhiteTeam "Latvia"]
[BlackTeam "Bulgaria"]
[WhiteFideId "11601345"]
[BlackFideId "2915138"]
[EventDate "2024.09.11"]

1. e4 e5 2. Nf3 Nc6 3. Bb5 a6 4. Ba4 d6 5. Bxc6+ bxc6 6. d4 exd4 7. Nxd4 c5 8.
Nf3 g6 9. Bg5 Qd7 10. Nc3 Bg7 11. Qd2 Rb8 12. Rb1 h6 13. Bf4 g5 14. Bg3 Ne7 15.
O-O f5 16. exf5 O-O 17. h4 g4 18. Nh2 Nxf5 19. Nd5 Bb7 20. c4 Bd4 21. Kh1 Bxd5
22. cxd5 Qg7 23. b3 Rbe8 24. Qd3 h5 25. Rbe1 Qf7 26. Rxe8 Rxe8 27. Qd2 Qxd5 28.
Qg5+ Bg7 29. Bf4 Kf8 30. f3 g3 31. Bxg3 Qf7 32. Re1 Bh6 0-1

[Event "Olimpiade 2024 - Donne"]
[Site "Budapest"]
[Date "15.09.2024"]
[Round "5.10"]
[Board "3"]
[White "Radeva, Viktoria"]
[Black "Ter-Avetisjana, Agnesa Stepania"]
[Result "1/2-1/2"]
[WhiteTitle "WGM"]
[BlackTitle "WFM"]
[WhiteElo "2297"]
[BlackElo "2134"]
[WhiteTeam "Bulgaria"]
[BlackTeam "Latvia"]
[WhiteFideId "2915405"]
[BlackFideId "11614900"]
[EventDate "2024.09.11"]

1. e4 c6 2. Nc3 d5 3. Nf3 Bg4 4. h3 Bxf3 5. Qxf3 e6 6. Be2 Bc5 7. Qg3 Bd4 8.
exd5 exd5 9. O-O Nd7 10. Bd1 Ne7 11. Ne2 Be5 12. Qf3 Ng6 13. d4 Bc7 14. c3 O-O
15. Bc2 Nf6 16. Bg5 Qd6 17. g3 Ne4 18. Be3 Rae8 19. Rfe1 f5 20. Nf4 Qd7 21. h4
Nh8 22. Kg2 Nf7 23. Nd3 g6 24. Bf4 Bb6 25. Qd1 Nf6 26. Ne5 Qc8 27. Nxf7 Rxf7 28.
Qd2 Ne4 29. Qd3 Bc7 30. Qf3 Rfe7 31. Re3 Nd2 32. Qe2 Rxe3 33. Bxe3 Nc4 34. Qf3
Nxe3+ 35. fxe3 Qe6 36. Re1 h5 1/2-1/2

[Event "Olimpiade 2024 - Donne"]
[Site "Budapest"]
[Date "15.09.2024"]
[Round "5.10"]
[Board "4"]
[White "Krumina, Linda"]
[Black "Krasteva, Beloslava"]
[Result "1-0"]
[WhiteTitle "WFM"]
[BlackTitle "FM"]
[WhiteElo "2091"]
[BlackElo "2295"]
[WhiteTeam "Latvia"]
[BlackTeam "Bulgaria"]
[WhiteFideId "11601701"]
[BlackFideId "2922029"]
[EventDate "2024.09.11"]

1. d4 Nf6 2. Nf3 e6 3. e3 b6 4. Bd3 Bb7 5. O-O d5 6. b3 Bd6 7. Bb2 O-O 8. Ne5 c5
9. Nd2 Nc6 10. f4 Rc8 11. a3 Ne7 12. Qf3 b5 13. Bxb5 cxd4 14. Bxd4 Rxc2 15. Qd1
Rc8 16. b4 Nf5 17. Nb3 Ne4 18. Rc1 Rxc1 19. Qxc1 f6 20. Nd7 Rf7 21. Nbc5 Bxc5
22. Nxc5 Bc8 23. Qb2 Ned6 24. Bd3 Nc4 25. Bxc4 dxc4 26. Rc1 Qd5 27. Qc3 Nd6 28.
Qc2 e5 29. Bc3 exf4 30. Rd1 Qc6 31. exf4 Re7 32. a4 Bg4 33. Re1 Qe8 34. Rxe7
Qxe7 35. Qd2 Kf7 36. Qd5+ Be6 37. Qh5+ Kf8 38. Qe2 Bd5 39. Qd2 Bc6 40. b5 Nb7
41. Nxb7 Qxb7 42. Qd6+ Qe7 43. Qxe7+ Kxe7 44. bxc6 Kd6 45. f5 Kxc6 46. Kf2 h5
47. Ke3 Kd5 48. h4 a6 49. g3 1-0

[Event "Olimpiade 2024 - Donne"]
[Site "Budapest"]
[Date "15.09.2024"]
[Round "5.11"]
[Board "1"]
[White "Daulyte-Cornette, Deimante"]
[Black "Alinasab, Mobina"]
[Result "1/2-1/2"]
[WhiteTitle "IM"]
[BlackTitle "WGM"]
[WhiteElo "2369"]
[BlackElo "2336"]
[WhiteTeam "France"]
[BlackTeam "Iran"]
[WhiteFideId "12802859"]
[BlackFideId "12528897"]
[EventDate "2024.09.11"]

1. e4 c5 2. Nf3 e6 3. d4 cxd4 4. Nxd4 a6 5. Be2 Nf6 6. Nc3 Bb4 7. e5 Ne4 8. O-O
Nxc3 9. bxc3 Bxc3 10. Ba3 Qa5 11. Bd6 Nc6 12. Nxc6 dxc6 13. f4 Bxa1 14. Qxa1 Qd2
15. Rf2 Qe3 16. Bf3 Bd7 17. c4 b5 18. c5 a5 19. a4 b4 20. g3 h5 21. h4 Rh6 22.
Kg2 Rg6 23. Qb1 Kd8 24. Qe4 Qxe4 25. Bxe4 Ra7 26. Rb2 Ke8 27. Rb3 Rh6 28. Kf2 f6
29. Ke3 Kf7 30. Kd4 Rh8 31. Kc4 Rc8 32. Re3 Rh8 33. Kb3 f5 34. Bf3 Rh6 35. Rd3
Rh8 36. Re3 g6 37. Rd3 Rc8 38. Rd4 Be8 39. Be2 Rd8 40. Bf3 Rc8 41. Be2 1/2-1/2

[Event "Olimpiade 2024 - Donne"]
[Site "Budapest"]
[Date "15.09.2024"]
[Round "5.11"]
[Board "2"]
[White "Azali, Tannaz"]
[Black "Milliet, Sophie"]
[Result "0-1"]
[WhiteTitle "WFM"]
[BlackTitle "IM"]
[WhiteElo "2125"]
[BlackElo "2348"]
[WhiteTeam "Iran"]
[BlackTeam "France"]
[WhiteFideId "12537721"]
[BlackFideId "623725"]
[EventDate "2024.09.11"]

1. d4 Nf6 2. c4 e6 3. Nc3 Bb4 4. Bd2 O-O 5. Nf3 d5 6. e3 Re8 7. Rc1 a6 8. Qc2
Nbd7 9. c5 e5 10. a3 Bxc3 11. Bxc3 e4 12. Ng1 Nf8 13. h4 Ng4 14. g3 Qf6 15. Bg2
Bd7 16. a4 Bxa4 17. Qd2 Bb5 18. Nh3 Ne6 19. Qd1 h5 20. Qb3 Rad8 21. Rc2 Qg6 22.
Kd1 b6 23. cxb6 c5 24. Rd2 cxd4 25. Bxd4 Nxd4 26. Rxd4 Qxb6 27. Kd2 Rc8 28. Ra1
Qc6 29. Ke1 Ne5 30. Nf4 Bc4 31. Qa4 Qb7 32. Qa3 Rb8 33. Rd2 Qc8 34. Rc1 Qf5 35.
Qc3 Rec8 36. Qd4 Nc6 37. Qc3 Rb3 38. Qxb3 Bxb3 39. Bh3 Qf6 40. Bxc8 Ne5 41. Re2
Nf3+ 42. Kf1 Bc4 43. Rxc4 dxc4 44. Bb7 Qd6 45. Bd5 Qb4 46. Nxh5 c3 47. b3 Qb5 0-1

[Event "Olimpiade 2024 - Donne"]
[Site "Budapest"]
[Date "15.09.2024"]
[Round "5.11"]
[Board "3"]
[White "Guichard, Pauline"]
[Black "Karimi, Setayesh"]
[Result "1/2-1/2"]
[WhiteTitle "IM"]
[BlackTitle "WFM"]
[WhiteElo "2374"]
[BlackElo "2105"]
[WhiteTeam "France"]
[BlackTeam "Iran"]
[WhiteFideId "639370"]
[BlackFideId "22555293"]
[EventDate "2024.09.11"]

1. d4 Nf6 2. c4 g6 3. Nc3 d5 4. cxd5 Nxd5 5. Bd2 Bg7 6. e4 Nb6 7. Be3 O-O 8. a4
a5 9. h3 Nc6 10. Nf3 f5 11. exf5 Bxf5 12. Be2 Nb4 13. Rc1 c6 14. O-O Qd6 15. Qd2
Rad8 16. Rfd1 Rfe8 17. Bf4 e5 18. Nxe5 Bxe5 19. dxe5 Qxd2 20. Rxd2 Rxd2 21. Bxd2
Rxe5 22. Be3 N6d5 23. Bc4 Nd3 24. Bd4 Re7 25. Nxd5 cxd5 26. Bxd5+ Kf8 27. Rc3
Rd7 28. Bc5+ Nxc5 29. Rxc5 b6 30. Rc8+ Ke7 31. Bf3 Rd1+ 32. Bxd1 Bxc8 33. Bc2
Kd6 34. f4 Kd5 35. Kf2 Kd4 36. g4 Be6 37. Kg3 Bf7 38. Kh4 Ke3 39. f5 Kf4 40.
fxg6 hxg6 41. g5 Be8 42. Bb1 Bf7 43. Bd3 Be8 44. Bb1 Bf7 45. Bc2 Be8 46. Bb3 Bd7
47. Bc2 Be8 1/2-1/2

[Event "Olimpiade 2024 - Donne"]
[Site "Budapest"]
[Date "15.09.2024"]
[Round "5.11"]
[Board "4"]
[White "Hamedi Nia, Vesal"]
[Black "Benmesbah, Natacha"]
[Result "0-1"]
[WhiteTitle "WIM"]
[BlackTitle "WIM"]
[WhiteElo "1986"]
[BlackElo "2258"]
[WhiteTeam "Iran"]
[BlackTeam "France"]
[WhiteFideId "12542253"]
[BlackFideId "642002"]
[EventDate "2024.09.11"]

1. d4 Nf6 2. Nf3 g6 3. Bg5 Bg7 4. Nbd2 d5 5. e3 O-O 6. a4 c5 7. c3 cxd4 8. exd4
Nc6 9. Bd3 Nh5 10. O-O Qc7 11. Re1 Kh8 12. Nf1 f6 13. Bh4 e5 14. Be2 e4 15. N3d2
Nf4 16. Bg3 g5 17. Ne3 Qf7 18. Bb5 f5 19. Qb3 Be6 20. Nc2 Nd3 21. Bd6 Rfd8 22.
Ba3 Nxe1 23. Rxe1 f4 24. Bf1 Rg8 25. Qb5 Bf6 26. Nb3 Rae8 27. Nc5 Bc8 28. Qb3
Rg7 29. Qa2 b6 30. Nb3 Bf5 31. Bb5 Rc8 32. Nb4 Nxb4 33. Bxb4 Bd7 34. Ba6 Rd8 35.
a5 b5 36. Nc5 Bc6 37. b3 f3 38. gxf3 exf3 39. Qc2 Re8 40. Rf1 Bd8 41. Bc8 Bxa5
42. Bxa5 Rxc8 43. Kh1 Re8 44. Nd3 Qf5 45. Qd1 Re2 46. Rg1 g4 47. Rg3 Be8 48. Bd8
Bg6 49. Ne5 Qe4 50. Rg1 g3 51. hxg3 Rxf2 52. Rf1 Qe2 0-1

[Event "Olimpiade 2024 - Donne"]
[Site "Budapest"]
[Date "15.09.2024"]
[Round "5.12"]
[Board "1"]
[White "Cori T., Deysi"]
[Black "Yao, Lan"]
[Result "1/2-1/2"]
[WhiteTitle "IM"]
[BlackTitle "WGM"]
[WhiteElo "2366"]
[BlackElo "2353"]
[WhiteTeam "Peru"]
[BlackTeam "England"]
[WhiteFideId "3801934"]
[BlackFideId "8610835"]
[EventDate "2024.09.11"]

1. Nf3 d5 2. g3 Nf6 3. Bg2 e6 4. O-O Be7 5. c4 O-O 6. b3 d4 7. e3 c5 8. exd4
cxd4 9. d3 Nc6 10. Na3 Re8 11. Nc2 e5 12. a3 a5 13. h3 h6 14. Re1 Bf8 15. g4 Qd6
16. Nd2 Be6 17. Rb1 Rab8 18. Qf3 Ne7 19. Qg3 Ng6 20. Ne4 Nxe4 21. Bxe4 Bd7 22.
b4 b6 23. Re2 Be7 24. Ne1 axb4 25. axb4 Bh4 26. Qh2 Bc6 27. Qg2 Bxe4 28. Qxe4
Re6 29. Nf3 Qe7 30. Bd2 Re8 31. Qf5 Qb7 32. Qe4 Qe7 33. Qf5 Bf6 34. Ra1 Qc7 35.
Ree1 e4 36. Rxe4 Rxe4 37. dxe4 Qxc4 38. g5 hxg5 39. Bxg5 Qd3 40. Bxf6 gxf6 41.
Qxf6 Qxe4 42. Re1 Qa8 43. Rxe8+ Qxe8 44. Qxd4 Qc6 45. Qe3 Qd5 46. Qe8+ Kg7 47.
Qe3 Kg8 48. Qe8+ Kg7 49. Qe3 Kg8 50. Qe8+ 1/2-1/2